| 000 | 01793nam a2200421 c 4500 | ||
|---|---|---|---|
| 001 | 12691 | ||
| 003 | ES-MaCES | ||
| 005 | 20180725133450.0 | ||
| 008 | 010907s2000 sp d t o100 | spa d | ||
| 017 |
_aM 50160-2000 _bDL |
||
| 020 | _a8445119516 | ||
| 035 | _aCES20010013341m | ||
| 040 |
_aES-MaCES _bspa _cES-MaCES |
||
| 111 | 2 |
_aCurso de Verano "Nuevos Objetivos de Igualdad en el Siglo XXI : las Relaciones entre Mujeres y Hombres" _d1999 _cEl Escorial _9691 |
|
| 245 | 1 | 0 |
_aNuevos objetivos de igualdad en el siglo XXI _b: las relaciones entre hombres y mujeres _c[Curso de verano "Nuevos Objetivos de Igualdad en el Siglo XXI ...", celebrado del 5 al 9 de julio de 1999 en el marco de los cursos de verano de El Escorial] ; dir, María Ángeles Durán |
| 260 |
_a[Madrid] _bDirección General de la Mujer, Comunidad de Madrid _c[2000] |
||
| 300 |
_a368 p. _bgráf. _c22 cm |
||
| 490 | 0 |
_aPublicaciones / DGM, Dirección General de la Mujer _v18 |
|
| 541 | _cGratuito | ||
| 650 | 4 |
_amujeres _928657 |
|
| 650 | 4 |
_aigualdad de trato _930147 |
|
| 650 | 4 |
_amercado de trabajo _928292 |
|
| 650 | 4 |
_aempleo _928299 |
|
| 650 | 4 |
_asalud _928680 |
|
| 650 | 4 |
_aparticipación política _927242 |
|
| 650 | 4 |
_acambio social _927286 |
|
| 650 | 4 |
_aS. XXI _931215 |
|
| 650 | 4 |
_aEspaña _926964 |
|
| 650 | 4 |
_aconferencia _927013 |
|
| 653 | 1 | 0 | _aMujer |
| 700 | 1 |
_911073 _aDurán, María Ángeles _edir. |
|
| 710 | 2 |
_aMadrid (Comunidad Autónoma) _bDirección General de la Mujer _eed. _94474 |
|
| 711 | 2 |
_aCursos de Verano (Universidad Complutense de Madrid) _d1999 _cEl Escorial _9724 |
|
| 830 | 0 |
_aPublicaciones (Madrid (Comunidad Autónoma). Dirección General de la Mujer _v18 _933675 |
|
| 902 | _aLIB Libro | ||
| 942 |
_2CES _cBK _h3.3. |
||
| 999 |
_c12691 _d12691 |
||